000 00657nam a22002057i 4500
999 _c23289
_d23289
003 AR-CdUCM
008 250526b20242024 pe||||| |||| 00| 0 spa d
020 _a978-612-49601-0-9
040 _aMUNICIPALIDAD PROVINCIAL DEL CUSCO
_cBIBLIOTECA MUNICIPAL DEL CUSCO
041 _hspa
082 _aEP / 807 / B95A
_bB95A
100 _aBustamante Quispe, Mario
_951181
245 _aAmor por mi patria :
_bOjotín y Goyo /
260 _aCusco :
_bAutor-Editor
_c2024
300 _a11 páginas. :
_bIlustraciones
_c30x20 cm.
650 _aAmor por mi patria
_951182
856 _fwww.ojotincomic.blogspot.com
942 _2ddc
_cLIBROS
945 _apbjr
_d26-05-2025